Obras escogidas de Mao Tse-Tung. (Record no. 174573)
[ view plain ]
| 000 -LEADER | |
|---|---|
| campo de control de longitud fija | 00939nam a2200265 4500 |
| 001 - NÚMERO DE CONTROL | |
| campo de control | 174573 |
| 003 - IDENTIFICADOR DE NÚMERO DE CONTROL | |
| campo de control | ES-MaACL |
| 005 - FECHA Y HORA DE LA ÚLTIMA TRANSACCIÓN | |
| campo de control | 20260521123126.0 |
| 008 - DATOS DE LONGITUD FIJA--INFORMACIÓN GENERAL | |
| campo de control de longitud fija | 100506s19681969cc |||| |dspa d |
| 080 ## - NÚMERO DE LA CLASIFICACIÓN DECIMAL UNIVERSAL | |
| Número de la Clasificación Decimal Universal | 32(081) Mao, Tse-tung |
| 100 1# - ENTRADA PRINCIPAL--NOMBRE DE PERSONA | |
| Nombre de persona | Mao, Zedong, |
| Fechas asociadas al nombre | 1893-1976 |
| 9 (RLIN) | 170492 |
| 245 10 - MENCIÓN DEL TÍTULO | |
| Título | Obras escogidas de Mao Tse-Tung. |
| 250 ## - MENCION DE EDICION | |
| Mención de edición | 1ª ed. |
| 260 ## - PUBLICACIÓN, DISTRIBUCIÓN, ETC. | |
| Lugar de publicación, distribución, etc. | Pekin : |
| Nombre del editor, distribuidor, etc. | Ediciones en Lenguas Extranjeras, |
| Fecha de publicación, distribución, etc. | 1968. |
| 300 ## - DESCRIPCIÓN FÍSICA | |
| Extensión | 4 v. (374, 496, 303, 480 p.) : |
| Otras características físicas | retr. ; |
| Dimensiones | 22 cm. |
| 504 ## - NOTA DE BIBLIOGRAFÍA, ETC. | |
| Nota de bibliografía, etc. | Referencias bibliográficas. |
| 534 ## - NOTA SOBRE LA VERSIÓN ORIGINAL | |
| Frase introductoria | Traducción española de la 1ª ed. china, publ. en: |
| Publicación, distribución, etc. del original | Pekín : Ed. del Pueblo, 1952-1960. |
| 595 ## - | |
| -- | v. 4: 1969 (3ª imp. de la 2ª ed. de 1963) |
| 599 ## - NOTA A LAS ILUSTRACIONES | |
| NOTA A LAS ILUSTRACIONES | v. 1: retr. del autor en anteport. |
| 600 17 - PUNTO DE ACCESO ADICIONAL DE MATERIA--NOMBRE DE PERSONA | |
| Nombre de persona | Mao, Zedong, |
| Fechas asociadas al nombre | 1893-1976 |
| 9 (RLIN) | 170492 |
| 650 #4 - PUNTO DE ACCESO ADICIONAL DE MATERIA--TÉRMINO DE MATERIA | |
| Término de materia o nombre geográfico como elemento de entrada | Maoísmo. |
| 9 (RLIN) | 142742 |
| 651 #4 - PUNTO DE ACCESO ADICIONAL DE MATERIA--NOMBRE GEOGRÁFICO | |
| Nombre geográfico | China- |
| Subdivisión general | Política y gobierno- |
| Subdivisión cronológica | 1949-1976. |
| 9 (RLIN) | 8057 |
| 852 4# - LOCALIZACIÓN | |
| Ubicación | BA |
| Número de control de estantería | C-57221-24 |
| Estatus retirado | Estado de pérdida | Estado de daño | No para préstamo | Biblioteca de origen | Biblioteca actual | Ubicación en estantería | Fecha de adquisición | Fuente de adquisición | Total de préstamos | Signatura topográfica completa | Código de barras | Visto por última vez | Precio de reemplazo | Tipo de ítem Koha |
|---|---|---|---|---|---|---|---|---|---|---|---|---|---|---|
| Biblioteca del Ateneo de Madrid | Biblioteca del Ateneo de Madrid | Depósito 2 | 06/05/2010 | C-57221-24 | 1183259 | 23/02/2023 | 23/02/2023 | Libro impreso |
